Rodová rovnosť na Slovensku

Rovnosť žien a mužov v podnikaní na Slovensku a vo verejnom živote. Politika v oblasti rodovej rovnosti na Slovensku. Najväčšie nedostatky v inštitucionálnom zabezpečení v SR. Stav rodovej rovnosti v SR hodnotený globálnymi indexmi.

Na minha lista:
Detalhes bibliográficos
Autor principal: Krošláková, Monika, 1975-
Formato: Capítulo de Livro
Idioma:eslovaco
Assuntos:
Tags: Adicionar Tag
Sem tags, seja o primeiro a adicionar uma tag!

MARC

LEADER 00000naa a2200000 4500
001 0163562
005 20240502072837.4
041 0 |a slo 
044 |a SK 
245 1 0 |a Rodová rovnosť na Slovensku  |c Monika Krošláková 
520 |a Rovnosť žien a mužov v podnikaní na Slovensku a vo verejnom živote. Politika v oblasti rodovej rovnosti na Slovensku. Najväčšie nedostatky v inštitucionálnom zabezpečení v SR. Stav rodovej rovnosti v SR hodnotený globálnymi indexmi. 
610 2 0 |a rovnosť rodová 
610 2 0 |a ženy 
610 2 0 |a muži 
610 2 0 |a podnikanie 
610 2 0 |a živnostníci 
610 2 0 |a vek 
610 2 0 |a legislatíva 
610 2 0 |a indexy 
610 2 0 |a Slovensko 
100 1 |a Krošláková, Monika, 1975-